• 首页
  • 本馆介绍
  • 公告通知
  • 最新文献
  • 馆藏检索
  • 电子资源
  • 读者导购
  • 参考咨询
  • 我的图书馆
  • 登录
  • 详细信息显示
  • 放入我的书架
  • 预约/预借图书
  • 作者相关作品
  • 分类相关作品
  • 丛书相关作品
  • 出版社相关作品

书目信息

  • 表格格式
  • 工作单格式
  • 卡片格式
题名:
神奇的纳米技术
    
 
作者: 廖胜根 编著
分册:  
出版信息: 北京   现代出版社  2012
页数: 226页
开本: 23cm
丛书名:
单 册:
中图分类: TB303-49 , TB303-49 , TB303
科图分类:
主题词: 纳米技术--na mi ji shu--青年读物
电子资源:
ISBN: 978-7-5143-0786-3
000 00828nam0 2200241 450
001 2339730838
005 20231109100338.14
010    @a978-7-5143-0786-3@dCNY39.80
100    @a20130517d2012 em y0chiy0110 ea
101 0  @achi
102    @aCN@b110000
105    @aa z 000yy
200 1  @a神奇的纳米技术@Ashen qi de na mi ji shu@f廖胜根编著
210    @a北京@c现代出版社@d2012
215    @a226页@c图@d23cm
330    @a纳米的发现是高科技材料的奇迹和人类的重大收获, 纳米技术的应用使人类的微观世界进一步细化。本书介绍了纳米的发现、特点、科技和生活中的应用等。这是一本关于纳米技术的小百科知识丛书。
606 0  @a纳米技术@Ana mi ji shu@j青年读物
690    @aTB303-49@v5
690    @aTB303-49@v5
690    @aTB303@v4
701  0 @a廖胜根@ALiao Shenggen@4编著
801  0 @aCN@b山东中教@c20230926
905    @aBZT@dTB303@e3
    
    神奇的纳米技术/廖胜根编著.-北京:现代出版社,2012
    226页:图;23cm
    
    
    ISBN 978-7-5143-0786-3:CNY39.80
    纳米的发现是高科技材料的奇迹和人类的重大收获, 纳米技术的应用使人类的微观世界进一步细化。本书介绍了纳米的发现、特点、科技和生活中的应用等。这是一本关于纳米技术的小百科知识丛书。
●
相关链接 在五车中查询图书 在当当中查询图书 在豆瓣中查询图书


正题名:神奇的纳米技术     索取号:TB303/3         预约/预借

序号 登录号 条形码 馆藏地/架位号 状态 备注
1 2000962265   2000962265   315书库/四28架B面4层4列/ [索取号:TB303/3] 在馆    
2 2000962266   2000962266   315书库/四28架B面4层4列/ [索取号:TB303/3] 在馆    
3 2000962267   2000962267   315书库/四28架B面4层4列/ [索取号:TB303/3] 在馆    
4 2000962268   2000962268   315书库/四28架B面4层4列/ [索取号:TB303/3] 在馆    
5 2000962269   2000962269   315书库/四28架B面4层4列/ [索取号:TB303/3] 在馆    
6 2000962270   2000962270   315书库/四28架B面4层4列/ [索取号:TB303/3] 在馆    
山东省滨州职业学院图书馆 欢迎您!
大连网信软件有限公司© 版权所有